Statistics for Empires SMP

Click here to take the quiz!

General Stats

  • This quiz has been taken 443 times
  • The average score is 24 of 38

Answer Stats

QuestionAnswer% Correct
Creator of Empires SMPfWhip
97%
MemberfWhip
97%
MemberSmallishBeans | Joel
95%
MemberLDShadowLady | Lizzie
94%
MemberSolidarityGaming | Jimmy
94%
MemberGeminiTay | Gem
91%
MemberPixlriffs | Pix
91%
MemberScott Smajor | Damnthatsalongname
91%
MemberPearlescentMoon | Pearl
90%
MemberTheMythicalSausage | Sausage
89%
MemberShubble | Shelby
86%
Beloved Animal by JimmyCod
85%
MemberJoey Graceffa | Joey
85%
MemberKatherine Elizabeth | Katherine
78%
Official Title of LizzieOcean Queen
74%
Official Title of JimmyThe Cod Father
74%
Beloved Animal by LizzieAxolotl
70%
Gem‘s EmpireThe Crystal Cliffs
69%
Pix‘ EmpirePixandria
68%
fWhip‘s EmpireThe Grimlands
66%
Beloved Animal by fWhipSalmon
65%
Holy Animal feat. a churchBlood Sheep
63%
Sausage‘s EmpireMythland
63%
GeminiTay plays aWizard
62%
Scott‘s EmpireRivendell
60%
Export by JoelTerracotta | Concrete | Moss
57%
Jimmy‘s EmpireThe Cod Empire
53%
Jimmy and Sausage
are seperated by an
Artifical Ravine, detonated by County Fwhip,
in Favor of everyone and the Great Wall
of Mythland and Jimmy‘s Wall
44%
Biggest Confirmed AllianceWither Rose Alliance
44%
Joel‘s BaseMezalea
43%
Export by fWhipGunpowder
41%
Official Title of PixlriffsThe Copper King
35%
Export by SausageIron
29%
Death Counter in PixandriaThe Vigil
22%
Export by PearlSugar Cane
21%
Joel`s PalaceThe Mezalean Matral Palace
21%
fWhip plays aAlchemist | Farmer
12%
Official Title of SausageKing of Mythland
9%

Score Distribution

Percentile by Number Answered

Percent of People with Each Score

Your Score History

You have not taken this quiz